[Event "EYCC Open-U16 2019"]
[Site "Bratislava"]
[Date "2019.08.08"]
[Round "7.23"]
[White "Ceres, Dragos"]
[Black "Barak, David"]
[Result "1-0"]
[WhiteElo "2266"]
[BlackElo "2015"]
[Annotator "NA"]
[PlyCount "79"]
[EventDate "2019.08.02"]
[EventType "swiss"]
[EventCountry "SVK"]
[SourceTitle "playchess.com"]
[Source "ChessBase"]
[SourceQuality "1"]
[TimeControl "40/5400+30:1800+30"]

1. e4 {[%emt 0:00:00]} c6 {[%emt 0:00:00]} 2. d4 {[%emt 0:00:00]} d5 {[%emt 0:00:00]} 3. Nd2 {[%emt 0:00:00]} dxe4 {[%emt 0:00:00]} 4. Nxe4 {[%emt 0:00:00]} Nd7 {[%emt 0:00:22]} 5. Qe2 {[%emt 0:00:46]} e6 {[%emt 0:00:40]} 6. Bf4 {[%emt 0:00:49]} Ndf6 {[%emt 0:05:22]} 7. c3 {[%emt 0:00:03]} Nxe4 {[%emt 0:08:49]} 8. Qxe4 {[%emt 0:00:06]} Nf6 {[%emt 0:00:49]} 9. Qc2 {[%emt 0:00:12]} Bd6 {[%emt 0:04:37]} 10. Bg3 {[%emt 0:02:15]} b6 {[%emt 0:04:53]} 11. Nf3 {[%emt 0:00:23]} Bb7 {[%emt 0:03:49]} 12. Bd3 {[%emt 0:01:29]} Qc7 {[%emt 0:04:18]} 13. O-O {[%emt 0:05:19]} h6 {[%emt 0:04:43]} 14. a4 {[%emt 0:14:05]} O-O {[%emt 0:08:16]} 15. Rad1 {[%emt 0:08:36]} Rac8 {[%emt 0:11:43]} 16. Qe2 {[%emt 0:03:20]} Rfd8 {[%emt 0:09:54]} 17. a5 {[%emt 0:10:10]} c5 {[%emt 0:10:16]} 18. axb6 {[%emt 0:00:19]} axb6 {[%emt 0:01:03]} 19. dxc5 {[%emt 0:03:57]} Qxc5 {[%emt 0:02:09]} 20. Rfe1 {[%emt 0:00:11]} Bxg3 {[%emt 0:11:48]} 21. hxg3 {[%emt 0:00:10]} Rd5 {[%emt 0:00:18]} 22. Nd4 {[%emt 0:20:20]} Rcd8 {[%emt 0:02:59]} 23. Bc4 {[%emt 0:01:23]} R5d6 {[%emt 0:01:37]} 24. Bb3 {[%emt 0:00:40]} Nd5 {[%emt 0:01:41]} 25. Ra1 {[%emt 0:02:30]} Ra8 {[%emt 0:01:46]} 26. Rxa8+ {[%emt 0:01:15]} Bxa8 {[%emt 0:00:01]} 27. Ra1 {[%emt 0:01:51]} Rd8 {[%emt 0:00:57]} 28. Ra7 {[%emt 0:08:53]} Nf6 {[%emt 0:00:17]} 29. Rxf7 {[%emt 0:06:33]} Rxd4 {[%emt 0:00:23]} 30. Rxf6 {[%emt 0:00:42]} Re4 {[%emt 0:00:35]} 31. Bxe6+ {[%emt 0:03:36]} Kh8 {[%emt 0:00:25]} 32. Qd2 {[%emt 0:00:19]} Re1+ {[%emt 0:00:58]} 33. Qxe1 {[%emt 0:00:09]} gxf6 {[%emt 0:00:01]} 34. Qd2 {[%emt 0:00:09]} Qf8 {[%emt 0:00:54]} 35. Qe3 {[%emt 0:00:33]} b5 {[%emt 0:00:32]} 36. Qb6 {[%emt 0:00:37]} Qe8 {[%emt 0:00:25]} 37. Bf5 {[%emt 0:01:00]} Qc6 {[%emt 0:00:31]} 38. Qd8+ {[%emt 0:00:30]} Kg7 {[%emt 0:00:15]} 39. Qe7+ {[%emt 0:00:06]} Kg8 {[%emt 0:00:10]} 40. Be6+ {[%emt 0:00:00]} 1-0

[Event "EYCC Open-U16 2019"]
[Site "Bratislava"]
[Date "2019.08.08"]
[Round "7.24"]
[White "Fojt, Petr"]
[Black "Briem, Stephan"]
[Result "1-0"]
[WhiteElo "2140"]
[BlackElo "2223"]
[Annotator "NA"]
[PlyCount "75"]
[EventDate "2019.08.02"]
[EventType "swiss"]
[EventCountry "SVK"]
[SourceTitle "playchess.com"]
[Source "ChessBase"]
[SourceQuality "1"]
[TimeControl "40/5400+30:1800+30"]

1. e4 {[%emt 0:00:00]} d5 {[%emt 0:00:04]} 2. exd5 {[%emt 0:00:00]} Qxd5 {[%emt 0:00:06]} 3. Nc3 {[%emt 0:00:01]} Qd6 {[%emt 0:00:04]} 4. d4 {[%emt 0:00:15]} Nf6 {[%emt 0:00:03]} 5. Nf3 {[%emt 0:00:42]} c6 {[%emt 0:00:09]} 6. h3 {[%emt 0:02:18]} Bf5 {[%emt 0:00:24]} 7. g4 {[%emt 0:04:26]} Bg6 {[%emt 0:01:44]} 8. Ne5 {[%emt 0:03:16]} Nbd7 {[%emt 0:21:09]} 9. f4 {[%emt 0:25:09]} e6 {[%emt 0:09:07]} 10. Bg2 {[%emt 0:08:32]} Nd5 {[%emt 0:07:35]} 11. O-O {[%emt 0:16:26]} Nxc3 {[%emt 0:05:18]} 12. bxc3 {[%emt 0:00:12]} Nxe5 {[%emt 0:01:57]} 13. fxe5 {[%emt 0:00:53]} Qd7 {[%emt 0:01:35]} 14. Rb1 {[%emt 0:03:16]} Be7 {[%emt 0:02:19]} 15. Bf4 {[%emt 0:02:08]} O-O {[%emt 0:07:20]} 16. Qe2 {[%emt 0:03:50]} Rac8 {[%emt 0:05:39]} 17. Bg3 {[%emt 0:01:22]} b6 {[%emt 0:02:08]} 18. h4 {[%emt 0:01:22]} h6 {[%emt 0:00:50]} 19. Rbd1 {[%emt 0:01:46]} b5 {[%emt 0:07:06]} 20. Kh2 {[%emt 0:06:09]} Qd8 {[%emt 0:02:49]} 21. Kh3 {[%emt 0:02:25]} Qa5 {[%emt 0:01:03]} 22. Qe3 {[%emt 0:01:19]} b4 {[%emt 0:12:34]} 23. Bf4 {[%emt 0:10:45]} Qa3 {[%emt 0:04:18]} 24. Rf3 {[%emt 0:01:55]} h5 {[%emt 0:02:53]} 25. gxh5 {[%emt 0:02:29]} Bf5+ {[%emt 0:02:45]} 26. Kh2 {[%emt 0:00:40]} Qxc3 {[%emt 0:00:53]} 27. Qf2 {[%emt 0:00:53]} Qxc2 {[%emt 0:00:36]} 28. Rd2 {[%emt 0:00:04]} Qb1 {[%emt 0:00:42]} 29. Qg3 {[%emt 0:00:46]} Kh7 {[%emt 0:00:44]} 30. Rf1 {[%emt 0:00:18]} Qxf1 {[%emt 0:00:32]} 31. Bxf1 {[%emt 0:00:05]} c5 {[%emt 0:00:06]} 32. Bd3 {[%emt 0:00:33]} Bxd3 {[%emt 0:00:29]} 33. Qxd3+ {[%emt 0:00:05]} Kh8 {[%emt 0:00:39]} 34. Rg2 {[%emt 0:00:36]} c4 {[%emt 0:00:18]} 35. Qg3 {[%emt 0:00:21]} Rg8 {[%emt 0:00:04]} 36. Bg5 {[%emt 0:00:36]} Bf8 {[%emt 0:01:15]} 37. Bf6 {[%emt 0:01:10]} Kh7 {[%emt 0:00:33]} 38. Qg4 {[%emt 0:00:16]} 1-0

[Event "EYCC Open-U16 2019"]
[Site "Bratislava"]
[Date "2019.08.08"]
[Round "7.25"]
[White "Ivanovic, Marko"]
[Black "Fernandez Garcia, Gumersindo"]
[Result "1/2-1/2"]
[WhiteElo "2267"]
[BlackElo "2011"]
[Annotator "NA"]
[PlyCount "104"]
[EventDate "2019.08.02"]
[EventType "swiss"]
[EventCountry "SVK"]
[SourceTitle "playchess.com"]
[Source "ChessBase"]
[SourceQuality "1"]
[TimeControl "40/5400+30:1800+30"]

1. d4 {[%emt 0:00:00]} Nf6 {[%emt 0:00:00]} 2. Bg5 {[%emt 0:00:00]} e6 {[%emt 0:00:00]} 3. Nd2 {[%emt 0:00:05]} c5 {[%emt 0:00:00]} 4. e3 {[%emt 0:00:04]} h6 {[%emt 0:00:31]} 5. Bh4 {[%emt 0:00:04]} d5 {[%emt 0:04:18]} 6. c3 {[%emt 0:01:11]} Nbd7 {[%emt 0:01:25]} 7. Bd3 {[%emt 0:00:06]} Be7 {[%emt 0:00:12]} 8. f4 {[%emt 0:00:05]} b6 {[%emt 0:07:12]} 9. Nh3 {[%emt 0:00:10]} Bb7 {[%emt 0:01:36]} 10. Nf2 {[%emt 0:04:38]} Ng8 {[%emt 0:07:39]} 11. Bg3 {[%emt 0:11:20]} f5 {[%emt 0:07:25]} 12. Qh5+ {[%emt 0:01:35]} Kf8 {[%emt 0:00:44]} 13. O-O {[%emt 0:00:51]} Qe8 {[%emt 0:02:53]} 14. Qe2 {[%emt 0:00:13]} g6 {[%emt 0:10:01]} 15. Nf3 {[%emt 0:06:39]} Qd8 {[%emt 0:05:06]} 16. e4 {[%emt 0:39:58]} Ndf6 {[%emt 0:24:26]} 17. exf5 {[%emt 0:00:39]} exf5 {[%emt 0:00:06]} 18. Ne5 {[%emt 0:05:49]} Kg7 {[%emt 0:00:49]} 19. Rad1 {[%emt 0:07:43]} c4 {[%emt 0:02:23]} 20. Bb1 {[%emt 0:02:20]} b5 {[%emt 0:00:54]} 21. b3 {[%emt 0:00:38]} a6 {[%emt 0:01:24]} 22. Rde1 {[%emt 0:00:42]} Rc8 {[%emt 0:01:00]} 23. Bh4 {[%emt 0:10:50]} cxb3 {[%emt 0:02:40]} 24. axb3 {[%emt 0:00:23]} Ne4 {[%emt 0:02:14]} 25. Bxe7 {[%emt 0:00:09]} Nxe7 {[%emt 0:01:28]} 26. g4 {[%emt 0:03:48]} Nxc3 {[%emt 0:01:10]} 27. Qf3 {[%emt 0:00:09]} Nxb1 {[%emt 0:00:42]} 28. Rxb1 {[%emt 0:01:05]} h5 {[%emt 0:01:05]} 29. gxh5 {[%emt 0:01:33]} Rxh5 {[%emt 0:00:24]} 30. Nfd3 {[%emt 0:00:57]} Rc3 {[%emt 0:03:43]} 31. Qg2 {[%emt 0:00:06]} Qh8 {[%emt 0:01:06]} 32. Rbc1 {[%emt 0:00:38]} Rxc1 {[%emt 0:02:58]} 33. Rxc1 {[%emt 0:00:02]} Qd8 {[%emt 0:00:12]} 34. Nc5 {[%emt 0:01:47]} Bc8 {[%emt 0:00:02]} 35. b4 {[%emt 0:00:39]} Rh6 {[%emt 0:01:47]} 36. Qe2 {[%emt 0:00:22]} Qd6 {[%emt 0:01:29]} 37. Kh1 {[%emt 0:00:03]} Rh3 {[%emt 0:01:10]} 38. Re1 {[%emt 0:00:36]} Ng8 {[%emt 0:01:25]} 39. Rg1 {[%emt 0:00:43]} Rh6 {[%emt 0:00:08]} 40. Ncd3 {[%emt 0:00:00]} Nf6 {[%emt 0:00:00]} 41. Qc2 {[%emt 0:06:54]} Bb7 {[%emt 0:08:34]} 42. Rc1 {[%emt 0:00:29]} Rh7 {[%emt 0:06:51]} 43. Nc5 {[%emt 0:08:55]} Bc8 {[%emt 0:05:23]} 44. Qg2 {[%emt 0:04:47]} Ng4 {[%emt 0:02:06]} 45. Nxg4 {[%emt 0:08:27]} fxg4 {[%emt 0:00:02]} 46. Rf1 {[%emt 0:01:12]} Qf6 {[%emt 0:05:05]} 47. Qxd5 {[%emt 0:02:03]} g3 {[%emt 0:00:51]} 48. Qe5 {[%emt 0:01:08]} Rxh2+ {[%emt 0:02:21]} 49. Kg1 {[%emt 0:00:03]} Qxe5 {[%emt 0:02:40]} 50. fxe5 {[%emt 0:00:55]} Bh3 {[%emt 0:00:38]} 51. Rf3 {[%emt 0:00:34]} Rg2+ {[%emt 0:02:31]} 52. Kh1 {[%emt 0:00:04]} Rh2+ {[%emt 0:02:03]} 1/2-1/2

[Event "EYCC Open-U16 2019"]
[Site "Bratislava"]
[Date "2019.08.08"]
[Round "7.26"]
[White "Silich, Yahor"]
[Black "Suvorov, Alexander"]
[Result "0-1"]
[WhiteElo "2100"]
[BlackElo "2333"]
[Annotator "NA"]
[PlyCount "104"]
[EventDate "2019.08.02"]
[EventType "swiss"]
[EventCountry "SVK"]
[SourceTitle "playchess.com"]
[Source "ChessBase"]
[SourceQuality "1"]
[TimeControl "40/5400+30:1800+30"]

1. e4 {[%emt 0:00:00]} c5 {[%emt 0:00:00]} 2. Nf3 {[%emt 0:00:00]} e6 {[%emt 0:00:03]} 3. Nc3 {[%emt 0:00:17]} a6 {[%emt 0:00:23]} 4. g3 {[%emt 0:00:33]} b5 {[%emt 0:01:06]} 5. Bg2 {[%emt 0:00:45]} Bb7 {[%emt 0:00:11]} 6. d4 {[%emt 0:00:51]} cxd4 {[%emt 0:00:29]} 7. Nxd4 {[%emt 0:00:44]} Nf6 {[%emt 0:00:23]} 8. O-O {[%emt 0:01:05]} b4 {[%emt 0:01:14]} 9. Na4 {[%emt 0:00:25]} Bxe4 {[%emt 0:00:42]} 10. Bxe4 {[%emt 0:00:59]} Nxe4 {[%emt 0:00:01]} 11. Re1 {[%emt 0:00:27]} Nc5 {[%emt 0:00:15]} 12. c3 {[%emt 0:01:04]} Nxa4 {[%emt 0:02:03]} 13. Qxa4 {[%emt 0:00:20]} Qb6 {[%emt 0:02:09]} 14. Be3 {[%emt 0:14:50]} Bc5 {[%emt 0:03:59]} 15. Nc2 {[%emt 0:15:16]} bxc3 {[%emt 0:06:32]} 16. bxc3 {[%emt 0:12:52]} Bxe3 {[%emt 0:04:38]} 17. Nxe3 {[%emt 0:00:54]} O-O {[%emt 0:01:08]} 18. Rab1 {[%emt 0:04:23]} Qc7 {[%emt 0:09:43]} 19. Nc4 {[%emt 0:06:34]} Nc6 {[%emt 0:05:05]} 20. Rb6 {[%emt 0:00:56]} a5 {[%emt 0:06:13]} 21. Reb1 {[%emt 0:02:16]} Rfb8 {[%emt 0:05:45]} 22. R1b5 {[%emt 0:07:48]} Rxb6 {[%emt 0:06:15]} 23. Nxb6 {[%emt 0:00:15]} Rb8 {[%emt 0:02:11]} 24. Nc4 {[%emt 0:01:08]} h6 {[%emt 0:12:52]} 25. h4 {[%emt 0:12:24]} f5 {[%emt 0:06:35]} 26. Qb3 {[%emt 0:03:42]} Rxb5 {[%emt 0:03:04]} 27. Qxb5 {[%emt 0:00:02]} f4 {[%emt 0:00:17]} 28. Kg2 {[%emt 0:03:16]} fxg3 {[%emt 0:02:58]} 29. fxg3 {[%emt 0:00:30]} Ne7 {[%emt 0:01:08]} 30. Ne3 {[%emt 0:03:27]} Qxc3 {[%emt 0:09:51]} 31. Qxd7 {[%emt 0:00:28]} Qxe3 {[%emt 0:00:12]} 32. Qxe7 {[%emt 0:00:20]} Qe2+ {[%emt 0:02:19]} 33. Kh3 {[%emt 0:00:32]} Qxa2 {[%emt 0:00:54]} 34. h5 {[%emt 0:00:58]} Kh7 {[%emt 0:00:28]} 35. Qf7 {[%emt 0:01:38]} Qb1 {[%emt 0:01:00]} 36. Qxe6 {[%emt 0:00:28]} a4 {[%emt 0:00:05]} 37. Qa6 {[%emt 0:00:57]} Qf5+ {[%emt 0:02:02]} 38. Kg2 {[%emt 0:00:31]} Qd5+ {[%emt 0:00:44]} 39. Kf2 {[%emt 0:01:22]} Qc5+ {[%emt 0:00:52]} 40. Kg2 {[%emt 0:00:00]} Qd5+ {[%emt 0:00:00]} 41. Kf2 {[%emt 0:00:31]} Qc5+ {[%emt 0:05:32]} 42. Kg2 {[%emt 0:00:19]} a3 {[%emt 0:00:54]} 43. Qg6+ {[%emt 0:04:03]} Kg8 {[%emt 0:00:12]} 44. Qe4 {[%emt 0:00:06]} Kf8 {[%emt 0:02:35]} 45. g4 {[%emt 0:00:53]} Qa5 {[%emt 0:02:05]} 46. Qf3+ {[%emt 0:02:39]} Ke7 {[%emt 0:00:35]} 47. Qb7+ {[%emt 0:02:56]} Kf6 {[%emt 0:04:31]} 48. Qf3+ {[%emt 0:02:10]} Kg5 {[%emt 0:10:09]} 49. Kg3 {[%emt 0:09:10]} Qe5+ {[%emt 0:02:09]} 50. Kh3 {[%emt 0:00:13]} a2 {[%emt 0:00:34]} 51. Qh1 {[%emt 0:03:12]} a1=Q {[%emt 0:01:59]} 52. Qa8 {[%emt 0:00:18]} Qf1+ {[%emt 0:00:22]} 0-1

[Event "EYCC Open-U16 2019"]
[Site "Bratislava"]
[Date "2019.08.08"]
[Round "7.27"]
[White "Fecker, Noah"]
[Black "Grutter, Tim"]
[Result "1-0"]
[WhiteElo "2313"]
[BlackElo "2091"]
[Annotator "NA"]
[PlyCount "117"]
[EventDate "2019.08.02"]
[EventType "swiss"]
[EventCountry "SVK"]
[SourceTitle "playchess.com"]
[Source "ChessBase"]
[SourceQuality "1"]
[TimeControl "40/5400+30:1800+30"]

1. e4 {[%emt 0:00:00]} c5 {[%emt 0:00:00]} 2. Nf3 {[%emt 0:00:00]} e6 {[%emt 0:00:00]} 3. d4 {[%emt 0:00:00]} cxd4 {[%emt 0:00:00]} 4. Nxd4 {[%emt 0:00:00]} Nc6 {[%emt 0:00:01]} 5. Nc3 {[%emt 0:00:00]} Qc7 {[%emt 0:00:04]} 6. Be2 {[%emt 0:00:25]} a6 {[%emt 0:00:06]} 7. Be3 {[%emt 0:00:16]} Nf6 {[%emt 0:00:07]} 8. O-O {[%emt 0:00:07]} Bb4 {[%emt 0:00:03]} 9. Nxc6 {[%emt 0:00:30]} bxc6 {[%emt 0:00:14]} 10. f4 {[%emt 0:00:28]} Bxc3 {[%emt 0:04:12]} 11. bxc3 {[%emt 0:00:02]} Nxe4 {[%emt 0:00:16]} 12. Bd3 {[%emt 0:00:18]} Nf6 {[%emt 0:04:13]} 13. Qf3 {[%emt 0:00:09]} d5 {[%emt 0:17:59]} 14. Bd4 {[%emt 0:14:44]} c5 {[%emt 0:10:22]} 15. Be5 {[%emt 0:02:28]} Qe7 {[%emt 0:00:14]} 16. Qg3 {[%emt 0:08:53]} O-O {[%emt 0:08:00]} 17. Rf3 {[%emt 0:22:49]} h6 {[%emt 0:11:37]} 18. Qh4 {[%emt 0:03:38]} Ra7 {[%emt 0:08:37]} 19. Rg3 {[%emt 0:03:00]} Kh8 {[%emt 0:02:42]} 20. Re1 {[%emt 0:04:54]} d4 {[%emt 0:13:53]} 21. cxd4 {[%emt 0:04:35]} cxd4 {[%emt 0:00:19]} 22. Bxd4 {[%emt 0:05:40]} Rd8 {[%emt 0:01:25]} 23. Bxa7 {[%emt 0:04:31]} Qxa7+ {[%emt 0:00:04]} 24. Kf1 {[%emt 0:03:11]} Rd4 {[%emt 0:01:20]} 25. Rf3 {[%emt 0:02:11]} Bb7 {[%emt 0:01:25]} 26. Rf2 {[%emt 0:00:01]} Qc5 {[%emt 0:00:32]} 27. Qg3 {[%emt 0:03:38]} Be4 {[%emt 0:00:38]} 28. Kg1 {[%emt 0:06:54]} Qd5 {[%emt 0:01:41]} 29. Rd2 {[%emt 0:02:10]} Nh5 {[%emt 0:05:29]} 30. Qf2 {[%emt 0:04:52]} Bxd3 {[%emt 0:01:10]} 31. Rxd3 {[%emt 0:00:07]} Rxd3 {[%emt 0:00:19]} 32. cxd3 {[%emt 0:00:00]} Qxd3 {[%emt 0:00:20]} 33. Rc1 {[%emt 0:00:23]} g6 {[%emt 0:00:58]} 34. Kh1 {[%emt 0:01:57]} Qe4 {[%emt 0:00:56]} 35. Qf3 {[%emt 0:00:46]} Qa4 {[%emt 0:01:01]} 36. Qc3+ {[%emt 0:00:17]} Kh7 {[%emt 0:01:22]} 37. Qc4 {[%emt 0:00:11]} Qa5 {[%emt 0:00:32]} 38. Qc7 {[%emt 0:01:16]} Qf5 {[%emt 0:00:50]} 39. Qe5 {[%emt 0:01:06]} Qd3 {[%emt 0:02:04]} 40. Qc7 {[%emt 0:00:00]} Qf5 {[%emt 0:00:00]} 41. Qc4 {[%emt 0:07:13]} a5 {[%emt 0:08:01]} 42. a4 {[%emt 0:01:55]} Nf6 {[%emt 0:02:35]} 43. Qd4 {[%emt 0:03:49]} Nd5 {[%emt 0:06:16]} 44. h3 {[%emt 0:04:29]} g5 {[%emt 0:08:56]} 45. g4 {[%emt 0:07:25]} Qxf4 {[%emt 0:01:24]} 46. Qxf4 {[%emt 0:00:05]} gxf4 {[%emt 0:01:06]} 47. Rc5 {[%emt 0:00:03]} Kg6 {[%emt 0:01:16]} 48. Rxa5 {[%emt 0:00:43]} Nc3 {[%emt 0:00:44]} 49. Kg2 {[%emt 0:01:29]} e5 {[%emt 0:00:45]} 50. Ra8 {[%emt 0:02:30]} e4 {[%emt 0:00:22]} 51. a5 {[%emt 0:00:12]} Kg5 {[%emt 0:03:29]} 52. a6 {[%emt 0:02:07]} f3+ {[%emt 0:01:57]} 53. Kf1 {[%emt 0:03:28]} e3 {[%emt 0:01:10]} 54. Re8 {[%emt 0:01:17]} e2+ {[%emt 0:00:37]} 55. Kf2 {[%emt 0:01:20]} Kf4 {[%emt 0:01:35]} 56. a7 {[%emt 0:00:41]} Nd1+ {[%emt 0:01:08]} 57. Ke1 {[%emt 0:00:05]} Kg3 {[%emt 0:00:10]} 58. a8=Q {[%emt 0:00:17]} Nc3 {[%emt 0:00:07]} 59. Qa7 {[%emt 0:00:18]} 1-0

[Event "EYCC Open-U16 2019"]
[Site "Bratislava"]
[Date "2019.08.08"]
[Round "7.28"]
[White "Nagy, Ladislav"]
[Black "Turcan, Richard"]
[Result "1/2-1/2"]
[WhiteElo "2061"]
[BlackElo "2232"]
[Annotator "NA"]
[PlyCount "184"]
[EventDate "2019.08.02"]
[EventType "swiss"]
[EventCountry "SVK"]
[SourceTitle "playchess.com"]
[Source "ChessBase"]
[SourceQuality "1"]
[TimeControl "40/5400+30:1800+30"]

1. e4 {[%emt 0:00:00]} c5 {[%emt 0:00:06]} 2. Nc3 {[%emt 0:00:13]} Nc6 {[%emt 0:00:48]} 3. g3 {[%emt 0:00:39]} g6 {[%emt 0:01:03]} 4. Bg2 {[%emt 0:00:25]} Bg7 {[%emt 0:00:26]} 5. d3 {[%emt 0:00:38]} d6 {[%emt 0:00:50]} 6. f4 {[%emt 0:00:47]} f5 {[%emt 0:01:03]} 7. Nf3 {[%emt 0:01:41]} Nf6 {[%emt 0:00:35]} 8. O-O {[%emt 0:01:01]} O-O {[%emt 0:00:33]} 9. Kh1 {[%emt 0:01:37]} Kh8 {[%emt 0:01:07]} 10. Be3 {[%emt 0:01:12]} Be6 {[%emt 0:02:01]} 11. Qd2 {[%emt 0:01:35]} Bg8 {[%emt 0:07:12]} 12. Bg1 {[%emt 0:01:51]} Qd7 {[%emt 0:02:56]} 13. Rae1 {[%emt 0:06:37]} Rae8 {[%emt 0:02:48]} 14. b3 {[%emt 0:02:42]} b6 {[%emt 0:02:24]} 15. Nh4 {[%emt 0:03:10]} e6 {[%emt 0:04:45]} 16. Nd1 {[%emt 0:04:13]} Rc8 {[%emt 0:08:57]} 17. c3 {[%emt 0:05:43]} Rfd8 {[%emt 0:04:39]} 18. Nb2 {[%emt 0:05:40]} d5 {[%emt 0:02:33]} 19. e5 {[%emt 0:02:17]} Ne8 {[%emt 0:00:11]} 20. Nf3 {[%emt 0:05:57]} Bf8 {[%emt 0:05:03]} 21. Rb1 {[%emt 0:08:15]} Nc7 {[%emt 0:08:51]} 22. Rfc1 {[%emt 0:05:43]} Bf7 {[%emt 0:04:12]} 23. Bf1 {[%emt 0:02:15]} Be8 {[%emt 0:02:51]} 24. Ra1 {[%emt 0:08:23]} Qg7 {[%emt 0:05:55]} 25. Nd1 {[%emt 0:05:38]} h6 {[%emt 0:04:54]} 26. a3 {[%emt 0:03:02]} g5 {[%emt 0:03:34]} 27. d4 {[%emt 0:02:37]} g4 {[%emt 0:04:29]} 28. Ne1 {[%emt 0:00:27]} Na5 {[%emt 0:00:52]} 29. Rcb1 {[%emt 0:05:14]} cxd4 {[%emt 0:02:56]} 30. Bxd4 {[%emt 0:04:37]} Bb5 {[%emt 0:00:32]} 31. Bxb5 {[%emt 0:04:06]} Nxb5 {[%emt 0:00:05]} 32. Nc2 {[%emt 0:00:58]} Qb7 {[%emt 0:02:16]} 33. a4 {[%emt 0:00:44]} Nc7 {[%emt 0:00:44]} 34. Nce3 {[%emt 0:01:47]} Na6 {[%emt 0:01:08]} 35. b4 {[%emt 0:01:13]} Nc4 {[%emt 0:00:32]} 36. Qd3 {[%emt 0:01:19]} Nb8 {[%emt 0:00:38]} 37. Kg1 {[%emt 0:01:42]} Nc6 {[%emt 0:00:20]} 38. Nc2 {[%emt 0:00:26]} Qd7 {[%emt 0:02:20]} 39. Bf2 {[%emt 0:01:49]} Rc7 {[%emt 0:01:46]} 40. Nd4 {[%emt 0:00:00]} Nxd4 {[%emt 0:00:00]} 41. Bxd4 {[%emt 0:04:11]} Rdc8 {[%emt 0:06:00]} 42. Ne3 {[%emt 0:10:00]} Nxe3 {[%emt 0:01:26]} 43. Qxe3 {[%emt 0:00:24]} a6 {[%emt 0:10:23]} 44. Qd3 {[%emt 0:05:19]} Rc4 {[%emt 0:02:48]} 45. Rb3 {[%emt 0:01:14]} Qb7 {[%emt 0:01:41]} 46. Qe3 {[%emt 0:01:15]} Rb8 {[%emt 0:00:14]} 47. Qf2 {[%emt 0:01:44]} Kg8 {[%emt 0:01:01]} 48. Ra2 {[%emt 0:00:35]} Qc7 {[%emt 0:01:07]} 49. Rab2 {[%emt 0:00:44]} Be7 {[%emt 0:01:29]} 50. Kg2 {[%emt 0:00:48]} Bd8 {[%emt 0:01:16]} 51. Qe2 {[%emt 0:01:17]} Qg7 {[%emt 0:03:59]} 52. Ra3 {[%emt 0:01:02]} h5 {[%emt 0:02:53]} 53. h4 {[%emt 0:01:51]} gxh3+ {[%emt 0:02:09]} 54. Kxh3 {[%emt 0:00:07]} Qg6 {[%emt 0:00:30]} 55. Qf3 {[%emt 0:02:17]} Rb7 {[%emt 0:03:51]} 56. Rh2 {[%emt 0:01:16]} a5 {[%emt 0:01:18]} 57. Rb2 {[%emt 0:01:18]} Be7 {[%emt 0:01:11]} 58. Bf2 {[%emt 0:01:22]} axb4 {[%emt 0:01:22]} 59. cxb4 {[%emt 0:00:52]} Rxb4 {[%emt 0:01:53]} 60. Rab3 {[%emt 0:00:30]} Rxa4 {[%emt 0:00:30]} 61. Rxb6 {[%emt 0:00:13]} Rxb6 {[%emt 0:00:27]} 62. Rxb6 {[%emt 0:00:06]} Qg4+ {[%emt 0:00:51]} 63. Qxg4+ {[%emt 0:00:06]} hxg4+ {[%emt 0:00:06]} 64. Kg2 {[%emt 0:00:04]} Ra2 {[%emt 0:00:31]} 65. Rb8+ {[%emt 0:01:16]} Kf7 {[%emt 0:00:25]} 66. Kf1 {[%emt 0:00:22]} Rc2 {[%emt 0:01:07]} 67. Bd4 {[%emt 0:01:12]} Rc4 {[%emt 0:01:39]} 68. Bf2 {[%emt 0:01:18]} Rc1+ {[%emt 0:00:49]} 69. Ke2 {[%emt 0:00:16]} Rc2+ {[%emt 0:00:46]} 70. Kf1 {[%emt 0:00:11]} Bc5 {[%emt 0:01:00]} 71. Bxc5 {[%emt 0:00:31]} Rxc5 {[%emt 0:00:05]} 72. Rd8 {[%emt 0:01:05]} Ke7 {[%emt 0:00:19]} 73. Rd6 {[%emt 0:00:06]} Rc3 {[%emt 0:00:33]} 74. Kf2 {[%emt 0:00:15]} Rc2+ {[%emt 0:00:22]} 75. Kf1 {[%emt 0:00:15]} Rd2 {[%emt 0:00:49]} 76. Kg1 {[%emt 0:00:06]} Rd3 {[%emt 0:00:51]} 77. Kf2 {[%emt 0:00:21]} Rc3 {[%emt 0:00:59]} 78. Kg2 {[%emt 0:00:19]} Rc2+ {[%emt 0:00:25]} 79. Kf1 {[%emt 0:00:51]} Rd2 {[%emt 0:00:35]} 80. Kg1 {[%emt 0:00:19]} Ra2 {[%emt 0:00:32]} 81. Kf1 {[%emt 0:00:16]} Ra3 {[%emt 0:00:17]} 82. Kg2 {[%emt 0:01:34]} Ra7 {[%emt 0:00:18]} 83. Kf2 {[%emt 0:00:16]} Rd7 {[%emt 0:00:35]} 84. Ra6 {[%emt 0:00:22]} d4 {[%emt 0:00:35]} 85. Ke2 {[%emt 0:01:09]} Rd5 {[%emt 0:01:03]} 86. Ra7+ {[%emt 0:01:27]} Rd7 {[%emt 0:00:31]} 87. Rxd7+ {[%emt 0:01:49]} Kxd7 {[%emt 0:00:05]} 88. Kd3 {[%emt 0:00:00]} Kc6 {[%emt 0:00:08]} 89. Kxd4 {[%emt 0:00:02]} Kb5 {[%emt 0:00:04]} 90. Kd3 {[%emt 0:00:31]} Kb4 {[%emt 0:00:10]} 91. Kd4 {[%emt 0:00:06]} Kb5 {[%emt 0:00:03]} 92. Kd3 {[%emt 0:00:04]} Kb4 {[%emt 0:00:11] Ke4} 1/2-1/2